Geometric invariant theory

Guardat en:
Dades bibliogràfiques
Autor principal: Mumford, David (Autor)
Format: Llibre
Idioma:anglès
Publicat: Nueva York Academic Press 1965
Col·lecció:Ergebnisse der Mathematik und Ihrer Grenzgebiete, 34
Matèries:
Etiquetes: Afegir etiqueta
Sense etiquetes, Sigues el primer a etiquetar aquest registre!

MARC

LEADER 00000nam a2200000 a 4500
001 UCQ9143
003 CL-VaPUC
008 981230e19650000US |||||||||||||||||eng|d
082 0 4 |a 516.35  |b MUM  |2 21 
100 |a Mumford, David  |e author  |9 570319 
245 1 0 |a Geometric invariant theory 
300 |a 145 p 
942 |c BK 
945 |d 19981230 00:00:00  |a crobeson 
260 |a Nueva York  |b Academic Press  |c 1965 
650 0 |a Geometría algebraica  |9 270327 
650 0 |a Grupos algebraicos   |9 422272 
650 0 |a Módulos   |9 356144 
583 |a last modification  |c 19981230 00:00:00  |k Rodrigo Vera 
490 0 |a Ergebnisse der Mathematik und Ihrer Grenzgebiete, 34 
999 |c 278236  |d 278234 
952 |0 0  |1 0  |4 0  |6 516_350000000000000_MUM_1965  |7 0  |8 A  |9 316687  |a BIBMAT  |b BIBMAT  |d 2019-11-20  |i 1312456  |o 516.35 MUM 1965  |p 1312456  |r 2025-01-07  |w 2019-11-20  |y BK  |k MAT